000 01288nam a22004097a 4500
001 0021552
003 KOHA_MİRAKIL
005 20260207002322.0
007 ta
008 100817b2005 tu a|||gr||||#||||0|tur |
020 _a9755913092
040 _aTR-BiSEU
_btur
_cTR-BiSEU
_erda
041 0 _atur
044 _ctu
050 _aHD85.T9
_bU93 2005
100 1 _aUzay, Nısfet.
245 1 _aVerimlilik ve büyüme/
_cNısfet Uzay ; Nısfet Uzay.
264 1 _aAnkara :
_bNobel
_c2005
300 _a124 sayfa :
_bres. ;
_c21 cm.
336 _ametin
_btxt
_2rdacontent
337 _aaracısız
_bn
_2rdamedia
338 _acilt
_bnc
_2rdacarrier
490 1 _aNobel yayın ;
_vno.330.
490 1 _aİşletme İktisat yayınları dizi ;
_vno.106
500 _aKaynakça var.
650 0 _aİş verimliliği.
_923937
650 0 _aEkonomik kalkınma.
_97651
650 0 _aEndüstriyel verimlilik.
_93700
650 0 _aTürkiye--Ekonomik durum.
_98444
650 0 _aLabor productivity.
_923936
650 0 _aEconomic development.
_96960
650 0 _aIndustrial productivity.
_95434
650 0 _aTurkey--Economic conditions.
_98442
830 1 _aNobel yayın ;
_vno.330.
_91510
830 1 _aİşletme İktisat yayınları dizi ;
_vno.106
_945735
942 _2lcc
_cBK
999 _c21508
_d21508